000 00951nas a2200253 4500
001 BR9210679
003 BR-BrBNA
005 20231205093417.0
007 ta
008 230509b bl.|||p| |||| 00| 00por d
040 _aBR-BrBNA
_bpor
_cBiblioteca Nacional de Agricultura
041 _a(Pt)
072 _aL72
100 1 _aOliveira, G.P. de
245 1 _aEpidemiologia de Dermatobia hominis (L. Jr. 1781)(Diptera, Cuterebridae)em bovinos na regiao de Sao Carlos, estado de Sao Paulo
246 1 _aEpidemiology of the Dermatobia hominis (L. Jr. 1781)(Diptera, Cuterebridae)infestation in bovine of Sao Carlos region, Sao Paulo state, Brazil
650 _aBOVINO
650 _aDIPTERA
650 _aMIIASE
650 _aSAO PAULO
773 0 _tBrazilian Journal of Veterinary Research and Animal Science (Brazil)
_xISSN 0303-7525
_g(1991), v. 28(2) p. 179-184
_wBR9210679
909 _a202311
_bLúcia
_c55
_dLúcia Elande
942 _2AGRIS
_n0
_cANA
999 _c138145
_d138145